On This Day: November 6th II Quiz Stats

 Plays Quiz Updated Nov 6, 2018

Support Sporcle.
Go Orange.
Score 0/7 Timer 03:00
0 Plays Today
Question Answer Wrong Answers
This romantic composer, known for ballets such as The Nutcracker and Swan Lake, dies at the age of 53.
1893
Pyotr Ilyich Tchaikovsky
95.8%
Franz Liszt
1.4%
Robert Schumann
1.4%
Modest Mussorgsky
0.6%
Originally set by retreating Iraqi forces during the Persian Gulf War, the last of this country's oil fires are finally extinguished.
1991
Kuwait
89.1%
Syria
3.4%
Oman
2.2%
Qatar
3.9%
The Battle of Jemappes (in modern-day Belgium) takes place, during this nation's Revolutionary Wars.
1792
France
86.3%
United States
3.6%
Russia
7.1%
Greece
2.9%
Rutgers defeats Princeton in the first official intercollegiate game of this sport.
1869
Football
78%
Ice Hockey
4.9%
Baseball
14.7%
Volleyball
1.9%
The United States performs its largest underground nuclear weapons test on Amchitka island, in this state.
1971
Alaska
69.1%
Hawaii
25.7%
Michigan
1%
Washington
3%
This American actress, recipient of the Academy Award for Best Actress in both 1979 and 1984, is born in Pasadena, California.
1946
Sally Field
63%
Jodie Foster
18.1%
Kathy Bates
7.6%
Liza Minnelli
10.2%
This film, the fourth installment in the Harry Potter series, premieres in London.
2005
Harry Potter and the Goblet of Fire
49.1%
Harry Potter and the Prisoner of Azkaban
18%
Harry Potter and the Order of the Phoenix
16.5%
Harry Potter and the Half-Blood Prince
14.8%

You're not logged in!

Compare scores with friends on all Sporcle quizzes.
OR
Log In

From the Vault

Food on Film

by tallsaul

Don't get caught in a food fight.
Remove Ads.
Support Sporcle.
Get the best of Sporcle when you Go Orange. This ad-free experience offers more features, more stats, and more fun while also helping to support Sporcle. Thank you for becoming a member.

Show Comments

Extras

Top Quizzes Today


Score Distribution

Your Account Isn't Verified!

In order to create a playlist on Sporcle, you need to verify the email address you used during registration. Go to your Sporcle Settings to finish the process.

Report this User

Report this user for behavior that violates our Community Guidelines.

Details: